000 01056cam a22002774a 4500
001 202726
003 NUST-PNEC
005 20170116180740.0
008 990401s1999 inua 001 0 eng
010 _a 99062403
020 _a0672316897
040 _cPNEC
042 _apcc
050 0 0 _aQA76.76.O63
_bP56148 1999
082 0 0 _a005.4469 PIT
_221
100 1 _aPitts, David.
245 1 0 _aRed Hat Linux 6 unleashed /
_cDavid Pitts, Bill Ball, et al.
260 _a[Indianapolis, Ind.] :
_bSAMS,
_cc1999.
300 _axxxvi, 1252 p. :
_bill. ;
_c24 cm.
500 _aIncludes index.
650 0 _aOperating systems (Computers)
_xMIS, Computer
856 _uhttp://www.amazon.com/Red-Hat-Linux-6-Unleashed/dp/0672316897/ref=sr_1_1?s=books&ie=UTF8&qid=1418508365&sr=1-1&keywords=0672316897
906 _a7
_bcbc
_corignew
_d2
_eopcn
_f19
_gy-gencatlg
942 _2ddc
_cBK
999 _c62161
_d62161